| 000 | 00456nam a2200145Ia 4500 | ||
|---|---|---|---|
| 008 | 231129s2003||||xx |||||||||||||| ||spa|| | ||
| 020 | _a968-18-6403-4 | ||
| 040 | _bspa | ||
| 082 | _a344.06 R696c | ||
| 100 | _aRodríguez Martínez Elí | ||
| 245 | 0 | _aLa contaminación transfronteriza: Su regulación en el Derecho Internacional | |
| 260 | _c2003 | ||
| 264 | _aUniversidad Iberoamericana | ||
| 942 |
_2ddc _cBKS |
||
| 999 |
_c16751 _d16751 |
||